Učitavanje...
Plant physiology
| Glavni autor: | |
|---|---|
| Daljnji autori: | |
| Format: | Printed Book |
| Jezik: | English |
| LEADER | 00334nam a2200109Ia 4500 | ||
|---|---|---|---|
| 008 | 210227s9999||||xx |||||||||||||| ||eng|| | ||
| 100 | |a Meyer, S, Bernard | ||
| 245 | 0 | |a Plant physiology | |
| 700 | |a Anderson, B, Donald | ||
| 942 | |c BK | ||
| 999 | |c 357324 |d 357324 | ||
| 952 | |0 0 |1 0 |4 0 |7 0 |9 414440 |a BOT |b BOT |c SEC |d 2021-03-01 |l 0 |p BOT1011 |r 2021-03-01 |w 2021-03-01 |y BK | ||